<?xml version="1.0" encoding="UTF-8"?>
<record
    xmlns:xsi="http://www.w3.org/2001/XMLSchema-instance"
    xsi:schemaLocation="http://www.loc.gov/MARC21/slim http://www.loc.gov/standards/marcxml/schema/MARC21slim.xsd"
    xmlns="http://www.loc.gov/MARC21/slim">

  <leader>01537nam a2200289 a 4500</leader>
  <controlfield tag="003">AR-BaBN</controlfield>
  <controlfield tag="005">20260605153049.0</controlfield>
  <controlfield tag="007">ta</controlfield>
  <controlfield tag="008">180531s2018    ag ado |r     00| 0 spa d</controlfield>
  <datafield tag="020" ind1=" " ind2=" ">
    <subfield code="a">978-950-13-1282-9</subfield>
  </datafield>
  <datafield tag="040" ind1=" " ind2=" ">
    <subfield code="a">AR-BaBN</subfield>
    <subfield code="b">spa</subfield>
    <subfield code="c">AR-RoUNCS</subfield>
  </datafield>
  <datafield tag="245" ind1="0" ind2="0">
    <subfield code="a">Avanza construcci&#xF3;n de ciudadan&#xED;a 1 / </subfield>
    <subfield code="c">Camogli, Pablo ... [et al.].</subfield>
  </datafield>
  <datafield tag="250" ind1=" " ind2=" ">
    <subfield code="a">1a ed.</subfield>
  </datafield>
  <datafield tag="260" ind1=" " ind2=" ">
    <subfield code="a">Ciudad Aut&#xF3;noma de Buenos Aires : </subfield>
    <subfield code="b">Kapelusz,</subfield>
    <subfield code="c">c2018.</subfield>
  </datafield>
  <datafield tag="300" ind1=" " ind2=" ">
    <subfield code="a">160 p. :</subfield>
    <subfield code="b">il. col., diagrs. ; </subfield>
    <subfield code="c">28 cm.</subfield>
  </datafield>
  <datafield tag="505" ind1=" " ind2=" ">
    <subfield code="a">Eje 1: en relaci&#xF3;n con la reflexi&#xF3;n te&#xF3;rica -- Cap. 1: Identidades -- Eje 2: en relaci&#xF3;n con el cuidado de uno mismo y de los otros -- Cap. 2: La construcci&#xF3;n de v&#xED;nculos y afectos -- Eje 3: en relaci&#xF3;n con los derechos -- Cap. 3: La sociedad y la necesidad de normas -- Cap. 4: Los Derechos Humanos y la Constituci&#xF3;n Nacional -- Eje 4: en relaci&#xF3;n con la igualdad y la diversidad -- Cap. 5: La igualdad y la diversidad en los distintos grupos sociales -- Cap. 6: La igualdad y la diversidad en la sociedad y la cultura -- Eje 5: en relaci&#xF3;n con la ciudadan&#xED;a y la participaci&#xF3;n -- Cap. 7: Estado, democracia y ciudadan&#xED;a -- Cap. 8: La participaci&#xF3;n ciudadana.-</subfield>
  </datafield>
  <datafield tag="650" ind1=" " ind2="7">
    <subfield code="a">Educaci&#xF3;n c&#xED;vica</subfield>
    <subfield code="2">embne</subfield>
  </datafield>
  <datafield tag="655" ind1=" " ind2="7">
    <subfield code="a">Libros de texto</subfield>
    <subfield code="2">embne</subfield>
  </datafield>
  <datafield tag="700" ind1="1" ind2=" ">
    <subfield code="a">Camogli, Pablo</subfield>
  </datafield>
  <datafield tag="700" ind1="1" ind2=" ">
    <subfield code="a">Canelo, Silvina</subfield>
  </datafield>
  <datafield tag="700" ind1="1" ind2=" ">
    <subfield code="a">Casola, Natalia</subfield>
  </datafield>
  <datafield tag="700" ind1="1" ind2=" ">
    <subfield code="a">Melcer, Dami&#xE1;n</subfield>
  </datafield>
  <datafield tag="700" ind1="1" ind2=" ">
    <subfield code="a">Villalobos, Alfonso de</subfield>
  </datafield>
  <datafield tag="700" ind1="1" ind2=" ">
    <subfield code="a">Villegas, Mat&#xED;as</subfield>
  </datafield>
  <datafield tag="751" ind1=" " ind2=" ">
    <subfield code="a">Buenos Aires</subfield>
    <subfield code="e">lugar de publicaci&#xF3;n</subfield>
    <subfield code="4">pup</subfield>
  </datafield>
  <datafield tag="942" ind1=" " ind2=" ">
    <subfield code="2">udc</subfield>
    <subfield code="c">OG</subfield>
    <subfield code="n">0</subfield>
  </datafield>
  <datafield tag="999" ind1=" " ind2=" ">
    <subfield code="c">1041</subfield>
    <subfield code="d">1041</subfield>
  </datafield>
  <datafield tag="952" ind1=" " ind2=" ">
    <subfield code="0">0</subfield>
    <subfield code="1">0</subfield>
    <subfield code="2">udc</subfield>
    <subfield code="4">0</subfield>
    <subfield code="7">0</subfield>
    <subfield code="8">CG</subfield>
    <subfield code="a">ESOCIALES</subfield>
    <subfield code="b">ESOCIALES</subfield>
    <subfield code="d">2026-06-05</subfield>
    <subfield code="l">0</subfield>
    <subfield code="o">32(07) Av946</subfield>
    <subfield code="p">001528</subfield>
    <subfield code="r">2026-06-05 15:32:00</subfield>
    <subfield code="w">2026-06-05</subfield>
    <subfield code="y">OG</subfield>
  </datafield>
</record>
